000 00666nam a22001577a 4500
003 OSt
005 20151006080742.0
008 151006b xxu||||| |||| 00| 0 eng d
040 _cRUA
082 _aAVM VON 2005 B074 Or.1
100 _92083
_aVONG, SOVATH.
245 _aeffect of utilizing fresh cassava foliage as helminthic on nematodes in intestinal of goats (​ ឥទ្ធិពលនៃការប្រើប្រាស់ស្លឹកដំឡូងមីស្រស់លើព្រុនណេម៉ាតូតក្នុងពោះវៀនពពែ)
260 _aPhnom Penh
_bRUA
_c2005
300 _aix, 37p.
_bill.
_c29cm.
942 _2ddc
_cAVM
999 _c1967
_d1967